000
00217 a2200097 4500
001
13035
100
_a
Liquat Ali Khan
245
_a
Batour Rahber Taqwa
260
_a
_b
Sangee meel publication
_c
090
_c
10044
_d
10044
942
_a
NUST-CAE
_c
M
_c
53
999
_c
248108
_d
248108